| 000 | 00448nam a22001697a 4500 | ||
|---|---|---|---|
| 005 | 20260310154912.0 | ||
| 008 | 260309b |||||||| |||| 00| 0 eng d | ||
| 020 | _a978-93-83992-62-1 | ||
| 041 | _aeng | ||
| 082 | _a631 YAD-P | ||
| 100 |
_aYADAV, DR. RAJENDRA KUMAR _97393 |
||
| 245 | _aPRACTICAL MANUAL ON CROP IMPROVEMENT - II ( RABI CROPS) | ||
| 260 |
_aNEW DELHI _bBHAVYA BOOKS |
||
| 300 | _a144;P | ||
| 650 | _aAGRICULTURE | ||
| 942 | _cBK | ||
| 999 |
_c9063 _d9061 |
||